| 000 | 00565nam a2200205Ia 4500 | ||
|---|---|---|---|
| 003 | IEPS | ||
| 005 | 20250703135310.0 | ||
| 008 | 250223s9999||||xx |||||||||||||| ||und|| | ||
| 020 | _a9789957701604 | ||
| 040 | _CIEPS | ||
| 041 | _aara | ||
| 082 | _a658.4 | ||
| 100 | _aالظاهر نعيم ابراهيم | ||
| 245 | 0 | _aالادارة الحديثة | |
| 245 | 0 | _bنظريات و مفاهيم | |
| 260 |
_aعمان _bالكتب الحديث _c2011 |
||
| 300 |
_a367 ص. _bجداول ، مخططات _c24 سم. |
||
| 653 | _aالادارة | ||
| 942 | _cكتاب | ||
| 999 |
_c12969 _d12969 |
||